| 000 | 01565nam a2200481 i 4500 | ||
|---|---|---|---|
| 001 | 5531 | ||
| 003 | KOSZ 005 | ||
| 005 | 20190726141247.0 | ||
| 008 | 970510s1993 pl a f |000 0 pol | ||
| 015 | _aPB 1993/1080 | ||
| 020 | _a8301111127 | ||
| 035 | _a991000826839705066 | ||
| 035 | _a(PL-WaBN)b10258899-48omnis_nlop | ||
| 035 | _ab10258899 | ||
| 035 | _a(OCoLC)830055365 | ||
| 035 | _a(PL)b0000001025889 | ||
| 035 | _a(EXLNZ-48OMNIS_NETWORK)9910303703005606 | ||
| 040 |
_aWA N _cWA N _dKOSZ 005/EG |
||
| 041 | _apol | ||
| 046 | _k1993 | ||
| 080 | _a622.24 | ||
| 080 | _a(075.8) | ||
| 100 | 1 |
_aWojnar, Karol _d(1920-2008) _eAutor |
|
| 245 | 1 | 0 |
_aWiertnictwo : _btechnika i technologia / _cKarol Wojnar. |
| 260 |
_aWarszawa ; Kraków : _bWydaw. Naukowe PWN. Oddział, _c1993. |
||
| 300 |
_a617, [1] s., [3] k. tabl. złoż. : _brys., wykr., err. ; _c24 cm. |
||
| 336 |
_2rdacontent _aTekst _btxt |
||
| 337 |
_2rdamedia _aBez urządzenia pośredniczącego _bn |
||
| 338 |
_2rdacarrier _aWolumin _bnc |
||
| 380 | _aKsiążki | ||
| 380 | _aPublikacje dydaktyczne | ||
| 385 |
_mPoziom nauczania _aSzkoły wyższe |
||
| 388 | _a1901-2000 | ||
| 388 | _a1989-2000 | ||
| 504 | _aBibliogr. s. 616-617. | ||
| 650 | 7 |
_aWiertnictwo _2DBN |
|
| 655 | 7 |
_aPodręczniki akademickie _2DBN |
|
| 658 | _aInżynieria i technika | ||
| 710 | 2 |
_aWydawnictwo Naukowe PWN _4pbl |
|
| 856 |
_uhttp://koha.tu.koszalin.pl/cgi-bin/koha/opac-detail.pl?biblionumber=5531 _yKatalog online BPK |
||
| 942 |
_2UKD _cKS |
||
| 999 |
_c5531 _d5531 |
||